| 000 | 00491nam a2200169 i 4500 | ||
|---|---|---|---|
| 001 | 76566 | ||
| 003 | ES-MaACL | ||
| 005 | 20230906172901.0 | ||
| 007 | t| | ||
| 008 | 041004s1973 sp ||||1| cat d | ||
| 245 | 0 | 0 |
_aGuía de Literatura catalana contemporánea / _ca cura de Jordi Castellanos. |
| 250 | _a1ª ed. | ||
| 260 |
_aBarcelona : _bEdicions 62, _c[1973] |
||
| 300 |
_a440 p., 30 lám. ; _c25 cm. |
||
| 700 | 1 |
_aCastellanos, Jordi. _936526 |
|
| 852 |
_aES-MaACL _jC-45544 _bR.86608 |
||
| 999 |
_c76566 _d76566 |
||